Geometry: a high school course

I tiakina i:
Ngā taipitopito rārangi puna kōrero
Ngā kaituhi matua: Lang, Serge, Murrow, Gene (Author)
Hōputu: Pukapuka
Reo:Ingarihi
I whakaputaina: Nueva York Springer-Verlag 1983
Ngā marau:
Ngā Tūtohu: Tāpirihia he Tūtohu
Kāore He Tūtohu, Me noho koe te mea tuatahi ki te tūtohu i tēnei pūkete!

MARC

LEADER 00000nam a2200000 a 4500
001 UCQ8341
003 CL-VaPUC
008 981209e19830000US |||||||||||||||||eng|d
082 0 4 |a 516.2  |b LAN  |2 21 
100 |a Lang, Serge  |9 719911 
700 0 |a Murrow, Gene  |e author  |9 422279 
245 1 0 |a Geometry: a high school course 
300 |a 470 p 
942 |c BK 
945 |d 19981209 00:00:00  |a crobeson 
260 |a Nueva York  |b Springer-Verlag  |c 1983 
650 0 |a Geometría   |9 264063 
650 0 |a Geometría euclidiana  |9 270055 
583 |a last modification  |c 19981209 00:00:00  |k Rodrigo Vera 
999 |c 277626  |d 277624 
952 |0 0  |1 0  |4 0  |6 516_200000000000000_LAN_1983  |7 0  |8 A  |9 315664  |a BIBMAT  |b BIBMAT  |d 2019-11-20  |i 130142K  |l 1  |m 1  |o 516.2 LAN 1983  |p 130142K  |r 2025-01-07  |s 2023-08-03  |w 2019-11-20  |y BK  |k MAT